Inside book publishing

Պահպանված է:
Մատենագիտական մանրամասներ
Հիմնական հեղինակ: CLARK, Giles Phillips, Angus
Ձևաչափ: Գիրք
Լեզու:անգլերեն
Հրապարակվել է: Routledge 2020
Ցուցիչներ: Ավելացրեք ցուցիչ
Չկան պիտակներ, Եղեք առաջինը, ով նշում է այս գրառումը!

MARC

LEADER 00000nam a22000007a 4500
008 231103b |||||||| |||| 00| 0 eng d
020 |a 9781138574380 
100 |a CLARK, Giles  |a Phillips, Angus 
245 |a Inside book publishing  |c /Giles Clark  |g xxi, 396p 
250 |b 6th 
260 |b Routledge  |c 2020  |h London  |i 700241  |i 700242  |l Z278.C56  |m Publishers and publishing  |m Publishers and publishing- Vocational guidance  |m Publishers and publishing- Great Britain 
500 |a it includes index 
942 |a lcc  |c BK  |e Johnson  |f 03/11/23 
952 |0 0  |1 0  |2 lcc  |4 0  |6 Z0278 C56  |7 0  |9 4619  |a ED  |b HOL  |c QZ  |d 2023-11-03  |l 0  |o Z278.C56  |p 2023-0538  |r 2023-11-03 00:00:00  |t 700241  |w 2023-11-03  |y BK 
952 |0 0  |1 0  |2 lcc  |4 0  |6 Z0278 C56  |7 0  |9 4620  |a ED  |b HOL  |c QZ  |d 2023-11-03  |l 0  |o Z278.C56  |p 2023-0539  |r 2023-11-03 00:00:00  |t 700242  |w 2023-11-03  |y BK 
999 |c 2316  |d 2316